000 00940nam a2200205Ii 4500
003 JO-AjNU
008 230605s9999||||xx |||||||||||||| ||und||
017 _a2009/7/2921
040 _aJO-AjNU
_bara
_erda
_cJO-AjNU
041 _aara
050 1 4 _aPJ7754.J3.A6 2009
100 3 _aتأليف الجاحظ،أبو عثمان عمر بن بحر بن محبوب ؛ قدم لها وبوبها وشرحها علي أبو ملحم,
_eauthor
_923044
245 0 0 _aالبيان والتبيين للجاحظ أبي عثمان عمرو بن بحر بن محبوب، المجلد الثالث
264 3 1 _aعمان:وزارة الثقافة،2009
300 _aمج3، 327ص
_bفهرس:ص(313-326) / المجلد الثالث
336 _atext
_btxt
_2rdacontent
337 _aunmediated
_bn
_2rdamedia
338 _avolume
_bnc
_2rdacarrier
650 4 _a اللغة العربية - بلاغة - الأدب العربي - مجموعات
_923045
999 _aA8275
_c11843
_d11843